| 000 | 00754nam a22001937a 4500 | ||
|---|---|---|---|
| 005 | 20251108173057.0 | ||
| 008 | 250721s2012 xx 000 0 ara d | ||
| 082 | 1 | 4 | _aم/213.63/بعد |
| 100 | 1 | _aالبعداني، أبي عبدالله محمد بن علي بن حزام الفضلي | |
| 245 | 1 | 0 | _aفتح العلام في دراسة أحاديث بلوغ المرام حديثيا وفقهيا مع ذكر بعض المسائل الملحقة / |
| 264 | 1 |
_aاليمن : _bدار العاصمة للنشر والتوزيع، _c2012. |
|
| 300 | _a5 ج. | ||
| 650 | 1 | 7 | _aالحديث الشريف |
| 650 | 1 | 7 | _aالفقه الاسلامي |
| 650 | 1 | 7 | _aالعبادات |
| 650 | 1 | 7 | _aالمعاملات |
| 942 |
_2ddc _cREF |
||
| 999 |
_c95536 _d95536 |
||